| 000 | 00798nac a22002411u 4500 | ||
|---|---|---|---|
| 010 | _a010060256 | ||
| 020 | _a0333541197 (cased) | ||
| 022 | _a0333541200 (pbk) | ||
| 082 |
_a332.10941 _bMOL |
||
| 090 |
_c5597 _d5597 |
||
| 100 | _aMolyneux, Philip. | ||
| 245 |
_aBanking : an introductory text / _cPhilip Molyneux. |
||
| 260 |
_aLondon : _bMacmillan, c.1991. _cc.1991. |
||
| 300 |
_a xiii,195p. ; _c23cm. |
||
| 500 | _aDistributer : Al-Ahram. | ||
| 504 | _aIncludes index. | ||
| 511 | _aCatalogued By : Mahitab. | ||
| 650 | _aBanks and banking -- Great Britain. | ||
| 650 | _aBanking . | ||
| 650 | _aGreat Britain . | ||
| 942 |
_cBB _k332.10941 MOL |
||
| 999 |
_c5597 _d5597 |
||